000 005280000a22002410004500
500 _aBibliography: p.449-451
650 _aAlgebra
650 _aGroups
650 _aRing theory
650 _aLattices
650 _aGroup theory
082 _a512
_bC661b
518 _a20050926
530 _aM
100 _aCohn, P. M.
245 _aBasic algebra; groups, rings fields
020 _a81-8128-047-4
260 _aNew Delhi
_bSpringer
260 _c2003
300 _axii, 465p.
041 _aEng
942 _cGEN
999 _c34835
_d34835